00385nam a2200133Ia 450000500170000000800410001708200130005810000160007124500330008725000080012026000390012830000130016750000710018020250516021131.0240331s9999 xx 000 0 und d a294bTHO aThomas, E.J 0aBauddha chinthawe ithihasaya a2nd aNugegodabM.D.Gunasena Booksc1966 a460 p ., aa Book of Sinhalese Translation of The History of Buddhist Thought